[Event "Koge Lang Sommer Weekend"]
[Site "Koge"]
[Date "2020.07.25"]
[Round "5"]
[White "Vedant, Kumar Saravana"]
[Black "Koch Mueller, Oscar"]
[Result "0-1"]
[WhiteElo "1718"]
[BlackElo "1939"]
[PlyCount "52"]
[EventDate "2020.07.22"]
[EventType "swiss"]
[EventRounds "7"]
[EventCountry "DEN"]
[SourceTitle "EXT 2021"]
[Source "ChessBase"]
[SourceDate "2020.10.23"]
[SourceVersion "1"]
[SourceVersionDate "2020.10.23"]
[SourceQuality "1"]

1. e4 e6 2. d4 d5 3. Nc3 Bb4 4. e5 c5 5. Nf3 Nc6 6. a3 Bxc3+ 7. bxc3 Nge7 8. a4 Qa5 9. Bd2 Qc7 10. Be2 Nf5 11. g4 Nfe7 12. 0-0 h5 13. h3 hxg4 14. hxg4 Bd7 15. Kg2 0-0-0 16. Bf4 Ng6 17. Bg3 Rdf8 18. c4 cxd4 19. cxd5 Qd8 20. dxc6 Bxc6 21. Kg1 Qg5 22. Nh2 Rxh2 23. Bxh2 Rh8 24. Bf3 Qh4 25. Re1 Qxh2+ 26. Kf1 Qh3+ 0-1

[Event "Helsingor Xtracon op"]
[Site "Helsingor"]
[Date "2019.07.26"]
[Round "8"]
[White "Sundin, Sven Ingvar"]
[Black "Vedant, Kumar Saravana"]
[Result "0-1"]
[WhiteElo "1632"]
[BlackElo "1861"]
[PlyCount "52"]
[EventDate "2019.07.20"]
[EventType "swiss"]
[EventRounds "10"]
[EventCountry "DEN"]
[SourceTitle "CBM 191 Extra"]
[Source "ChessBase"]
[SourceDate "2019.09.30"]
[SourceVersion "1"]
[SourceVersionDate "2019.09.30"]
[SourceQuality "1"]

1. e4 e5 2. Nf3 Nc6 3. d4 exd4 4. Nxd4 Bc5 5. Be3 Qf6 6. c3 Nge7 7. Bc4 Ne5 8. Be2 d6 9. 0-0 Qg6 10. f3 0-0 11. Nd2 Bb6 12. Bf2 d5 13. Kh1 dxe4 14. Nxe4 f5 15. Ng3 Kh8 16. Re1 f4 17. Ne4 Bf5 18. Nxf5 Nxf5 19. Bxb6 axb6 20. Rg1 Rad8 21. Qc1 Ne3 22. g3 Nd3 23. Bxd3 Rxd3 24. Nf2 Qc6 25. Ne4 fxg3 26. Rxg3 Rxf3 0-1

[Event "Helsingor Xtracon op"]
[Site "Helsingor"]
[Date "2019.07.22"]
[Round "4"]
[White "Larsen, Hans Haagen"]
[Black "Vedant, Kumar Saravana"]
[Result "0-1"]
[WhiteElo "1680"]
[BlackElo "1861"]
[PlyCount "38"]
[EventDate "2019.07.20"]
[EventType "swiss"]
[EventRounds "10"]
[EventCountry "DEN"]
[SourceTitle "CBM 191 Extra"]
[Source "ChessBase"]
[SourceDate "2019.09.30"]
[SourceVersion "1"]
[SourceVersionDate "2019.09.30"]
[SourceQuality "1"]

1. b4 e5 2. Bb2 d6 3. c4 Nf6 4. Nc3 Be6 5. e3 Nbd7 6. d4 d5 7. Qb3 dxc4 8. Bxc4 Bxc4 9. Qxc4 Nb6 10. Qb5+ Nfd7 11. d5 a6 12. Qe2 Bxb4 13. e4 Na4 14. Rc1 Ndc5 15. Nf3 Nxb2 16. Nxe5 Qf6 17. Qxb2 Qxe5 18. 0-0 Nd3 19. f4 Qd4+ 0-1

[Event "Helsingor Xtracon op"]
[Site "Helsingor"]
[Date "2019.07.21"]
[Round "3"]
[White "Vedant, Kumar Saravana"]
[Black "Damm, Henrik"]
[Result "1-0"]
[WhiteElo "1861"]
[BlackElo "1591"]
[PlyCount "99"]
[EventDate "2019.07.20"]
[EventType "swiss"]
[EventRounds "10"]
[EventCountry "DEN"]
[SourceTitle "CBM 191 Extra"]
[Source "ChessBase"]
[SourceDate "2019.09.30"]
[SourceVersion "1"]
[SourceVersionDate "2019.09.30"]
[SourceQuality "1"]

1. e4 e5 2. Nf3 Nc6 3. Bc4 Nf6 4. d3 d6 5. h3 Na5 6. Bb3 Nxb3 7. axb3 h6 8. Nc3 Be7 9. 0-0 0-0 10. d4 exd4 11. Nxd4 Re8 12. f4 c5 13. Ndb5 Qb6 14. Qf3 Nh7 15. Na3 Bd7 16. Nc4 Qd8 17. Qg3 Bh4 18. Qf3 Bc6 19. Qd3 Be7 20. Ne3 a6 21. Ned5 Nf6 22. Bd2 b5 23. Rae1 b4 24. Nxe7+ Rxe7 25. Ne2 Bb5 26. Qf3 Nxe4 27. Bc1 Qe8 28. f5 Ng5 29. Bxg5 hxg5 30. Rf2 f6 31. Qd5+ Kh8 32. h4 Re5 33. Qf3 gxh4 34. Kh2 Ra7 35. Qg4 Re4 36. Rf4 Rxf4 37. Nxf4 Qxe1 38. Ng6+ Kg8 39. Qh5 Qg3+ 40. Kh1 Qe1+ 41. Kh2 Qe8 42. Qh8+ Kf7 43. Qh5 Qg8 44. Qf3 Ke8 45. Qe4+ Kd8 46. Nf4 Rd7 47. Qa8+ Kc7 48. Qxg8 c4 49. bxc4 Bxc4 50. Qxc4+ 1-0

[Event "Bronshoj Lang Weekend"]
[Site "Copenhagen"]
[Date "2018.02.17"]
[Round "5"]
[White "Vedant, Kumar Saravana"]
[Black "Kallenbach, Olav"]
[Result "0-1"]
[WhiteElo "1409"]
[BlackElo "1845"]
[PlyCount "140"]
[EventDate "2018.02.15"]
[EventType "swiss"]
[EventRounds "7"]
[EventCountry "DEN"]
[SourceTitle "CBM 183 Extra"]
[Source "ChessBase"]
[SourceDate "2018.04.19"]
[SourceVersion "1"]
[SourceVersionDate "2018.04.19"]
[SourceQuality "1"]

1. e4 e5 2. Nf3 Nf6 3. Nc3 Nc6 4. a3 d5 5. exd5 Nxd5 6. Bb5 Nxc3 7. Bxc6+ bxc6 8. bxc3 Bd6 9. 0-0 0-0 10. h3 e4 11. Nd4 Qh4 12. f4 Bxf4 13. d3 Bd6 14. Qe1 Qxe1 15. Rxe1 exd3 16. cxd3 Bd7 17. Bd2 Rab8 18. Reb1 c5 19. Nf3 Bf5 20. Ne1 Rfe8 21. g4 Be6 22. c4 Be5 23. Rxb8 Rxb8 24. Ra2 h5 25. Nf3 Bd6 26. Ng5 hxg4 27. hxg4 Bxg4 28. Ne4 Bf5 29. Nxd6 cxd6 30. Bf4 Rb6 31. Rd2 Kf8 32. Kf2 Ke7 33. d4 Be6 34. dxc5 dxc5 35. Be3 Rc6 36. Rb2 a6 37. Rb7+ Kf6 38. Rb2 g5 39. a4 Kg6 40. a5 f5 41. Rb6 Bd7 42. Bxc5 f4 43. Rxc6+ Bxc6 44. Bd4 Kf5 45. c5 g4 46. Kf1 Ke4 47. Bg1 Kf3 48. Bd4 g3 49. Be5 Kg4 50. Bc3 f3 51. Bd4 Kf4 52. Bg1 Ke4 53. Ke1 Bb5 54. c6 Bxc6 55. Bb6 Bb5 56. Bg1 Kf4 57. Bb6 Kg4 58. Bg1 Kh3 59. Bb6 Kg2 60. Be3 f2+ 61. Bxf2 gxf2+ 62. Kd2 f1Q 63. Kc3 Qc4+ 64. Kb2 Ba4 65. Kb1 Qb3+ 66. Ka1 Qc3+ 67. Kb1 Bc2+ 68. Kc1 Bb3+ 69. Kb1 Qc2+ 70. Ka1 Qa2# 0-1

[Event "Bronshoj Lang Weekend"]
[Site "Copenhagen"]
[Date "2018.02.16"]
[Round "2"]
[White "Vedant, Kumar Saravana"]
[Black "Gustafsson, Magnus"]
[Result "1/2-1/2"]
[WhiteElo "1409"]
[BlackElo "1914"]
[PlyCount "103"]
[EventDate "2018.02.15"]
[EventType "swiss"]
[EventRounds "7"]
[EventCountry "DEN"]
[SourceTitle "CBM 183 Extra"]
[Source "ChessBase"]
[SourceDate "2018.04.19"]
[SourceVersion "1"]
[SourceVersionDate "2018.04.19"]
[SourceQuality "1"]

1. e4 d5 2. exd5 Qxd5 3. Nc3 Qd8 4. Nf3 Nf6 5. d4 a6 6. h3 Nc6 7. Bf4 Bf5 8. Bc4 Nb4 9. Bb3 e6 10. a3 Nbd5 11. Nxd5 Nxd5 12. Bxd5 Qxd5 13. 0-0 Bd6 14. Bxd6 Qxd6 15. c3 0-0 16. Qe2 b5 17. Nh4 Bg6 18. Nxg6 hxg6 19. Qe5 Qxe5 20. dxe5 Rfd8 21. Rad1 Kf8 22. f4 Ke7 23. Kf2 Rd5 24. Rxd5 exd5 25. b4 a5 26. Ke3 axb4 27. axb4 Kd7 28. Kd3 Ra2 29. g4 c5 30. bxc5 Kc6 31. f5 g5 32. e6 Ra7 33. exf7 Rxf7 34. Re1 Kxc5 35. Re6 Rf6 36. Re7 g6 37. fxg6 Rxg6 38. Rc7+ Kd6 39. Ra7 Ke5 40. Rf7 Kd6 41. Kd4 Re6 42. Rf5 Re4+ 43. Kd3 Re5 44. Kd4 Re4+ 45. Kd3 Re5 46. Rxe5 Kxe5 47. Ke3 d4+ 48. cxd4+ Kd5 49. h4 gxh4 50. g5 b4 51. g6 Ke6 52. d5+ 1/2-1/2